005880000a220009700045001000033000002450064000333000050000975200270001476500016004177730057004331 aRodríguez Jiménez, Pablo10aHistoria de la Infancia Latinoamericana: una aproximación anúm.54 (Enero- Febrero, 2012), Pág. 28-32 aEn Latinoamérica, los niños son un grupo poblacional aún poco estudiado, situación que refleja su abandono y desconocimiento. En comparación con las investigaciones de Europa y Norte América, existen infancias que no gozan integralmente de sus derechos.14aEDUCACIÓN0 tRevista internacional magisterio : educación y ped